01134nam a22003017a 4500001001000000003000900010005001700019007000300036008003400039040005400073041001000127072001900137090001900156100001700175110010400192245014400296260003800440300001000478500005500488650002100543650001800564650001500582650002300597909003600620942000700656999001700663952015200680BR9508073BR-BrBNA20230928095117.0ta230509b bl.||||| |||| 00| 0 por d aBR-BrBNAbporcBiblioteca Nacional de Agricultura a(Por) aH10; H20b4050  4050 BR95080731 aMaciel, S.L.1 aEscola Superior de Agricultura Luiz de Queiroz, Piracicaba, SP (Brasil)0Tese (Mestre em Agronomia)1 aReacoes de algumas plantas medicinais a Meloidogyne incognita raca 2, Meloidogyne javanica e Pratylenchus brachyurus (Nemata: Tylenchoidea)3 aPiracicaba, SP (Brasil): c1995.  a71 p. a44 ref.; 10 tables; 9 illus.; Summaries (Eng, Por) aPlanta Medicinal aMeloidoginose aInoculacao aControle Integrado a202309bLuciac55dLucia Elande cBK c54589d54589 002AGRIS40708AGROBASEa41918b41918l0o 4050 BR9508073p4050 BR9508073r2023-09-25t01yBK10d2023-09-25ePortaria Interministerial nÂș 164/94